Calculus : A Complete Course. (Record no. 3137)

MARC details
005 - DATE AND TIME OF LATEST TRANSACTION
control field 20250604111543.0
020 ## - INTERNATIONAL STANDARD BOOK NUMBER
International Standard Book Number 0-201-79131-5
082 ## - DEWEY DECIMAL CLASSIFICATION NUMBER
Classification number TEA LECT 515 ADA
100 ## - MAIN ENTRY--PERSONAL NAME
Author name ADAMS, R. A.
245 ## - TITLE STATEMENT
Title Calculus : A Complete Course.
250 ## - EDITION STATEMENT
Edition statement 5th Ed
260 ## - PUBLICATION, DISTRIBUTION, ETC.
Place of publication, distribution, etc. Toronto,
Name of publisher, distributor, etc. Addison Wesley Longman,
Date of publication, distribution, etc. 2003.
300 ## - PHYSICAL DESCRIPTION
Extent xvi, 1101p.: ill.; figure
Other physical details Index
Dimensions 25cm.
856 ## - ELECTRONIC LOCATION AND ACCESS
Link text Access Online Book
Electronic name Calculus
Path http://www.pearsoned.ca/adams.
942 ## - ADDED ENTRY ELEMENTS (KOHA)
Source of classification or shelving scheme Dewey Decimal Classification
Koha item type Books
Holdings
Date last seen Total checkouts Full call number Barcode Cost, replacement price Price effective from Koha item type Lost status Source of classification or shelving scheme Damaged status Not for loan Withdrawn status Home library Current library Shelving location Date acquired Cost, normal purchase price
06/15/2025   515 ADA DOM000934 427680.00 06/15/2025 Books   Dewey Decimal Classification       CBE Dodoma CBE Dodoma   05/28/2005 142560.00
06/04/2025   TEA LECT 515 ADA 00000011009 427680.00 06/04/2025 Books   Dewey Decimal Classification       College of Business Education Main Library College of Business Education Main Library Reference Collection 04/22/2005 142560.00
06/04/2025   TEA LECT 515 ADA 00000011010 427680.00 06/04/2025 Books   Dewey Decimal Classification       College of Business Education Main Library College of Business Education Main Library Reference Collection 04/22/2005 142560.00
06/04/2025   TEA LECT 515 ADA 00000011011 427680.00 06/04/2025 Books   Dewey Decimal Classification       College of Business Education Main Library College of Business Education Main Library Reference Collection 04/22/2005 142560.00